| 000 | 00449nam a22001817a 4500 | ||
|---|---|---|---|
| 003 | CEME | ||
| 005 | 20210628205337.0 | ||
| 008 | 201230b xxu||||| |||| 00| 0 eng d | ||
| 020 | _a9780470011881 | ||
| 040 | _cceme | ||
| 082 | _a531.1133 | ||
| 100 |
_aKing, George C _975053 |
||
| 245 | _aVibrations and waves | ||
| 260 |
_aINDIA _bWILEY _c2009 |
||
| 300 | _a227P | ||
| 650 |
_aVIBRATIONS.WAVE MECHANICS.OSCILLATION. _975054 |
||
| 942 |
_cBK _2ddc |
||
| 999 |
_c580544 _d580544 |
||